Laurie Monologue Little Women - Statistics

General Stats
  • This quiz has been taken 52 times
    24 since last reset
  • The average score is 90 of 132
Answer Stats
Answer % Correct
have
100%
I
100%
i
100%
it
100%
it.
100%
It
100%
Its
100%
its
100%
Jo.
100%
no
100%
us.
100%
use
100%
ever
94%
go
94%
got
94%
I've
94%
love
94%
loved
94%
since
94%
to
94%
you
94%
you.
94%
known
89%
We've
89%
an
83%
out.
83%
couldnt
78%
help
78%
me.
78%
me
78%
and
72%
And
72%
tried
72%
but
67%
But
67%
hear
67%
up
67%
answer.
61%
can't
61%
fine.
61%
gave
61%
give
61%
Now
61%
any
56%
did.
56%
let
56%
longer.
56%
make
56%
on
56%
show
56%
didn't
50%
i'm
50%
I'm
50%
like
50%
like.
50%
never
50%
waited
50%
wouldn't
50%
complained.
44%
everything
44%
figured
44%
happy
44%
you'd
44%
billiards
39%
for
39%
For
39%
not
39%
so
39%
so.
39%
The
39%
the
39%
You've
39%
been
33%
going
28%
good
28%
all
22%
better
22%
enough.
22%
half
22%
please
22%
sooner
22%
Though
22%
was
22%
worked
22%
hard
17%
only
17%
thought
17%
more
11%
No matching quizzes found
Score Distribution
Percent of People with Each Score
Percentile by Number Answered
Your Score History
You have not taken this quiz since the last reset